Planning Policy Statement 3 (PPS3) (Record no. 106183)
[ view plain ]
| 000 -LEADER | |
|---|---|
| fixed length control field | 01776cam a2200289 4500 |
| 001 - CONTROL NUMBER | |
| control field | ##L135744 |
| 008 - FIXED-LENGTH DATA ELEMENTS--GENERAL INFORMATION | |
| fixed length control field | 061206n2011 000 0 eng u |
| 020 ## - INTERNATIONAL STANDARD BOOK NUMBER | |
| International Standard Book Number | 0117539767 |
| 035 ## - SYSTEM CONTROL NUMBER | |
| System control number | (Sirsi) u135744 |
| 041 0# - LANGUAGE CODE | |
| Language code of text/sound track or separate title | eng |
| 050 04 - LIBRARY OF CONGRESS CALL NUMBER | |
| Classification number | 711.1 $2 18 |
| 110 1# - MAIN ENTRY--CORPORATE NAME | |
| Corporate name or jurisdiction name as entry element | United Kingdom |
| Subordinate unit | Department for Communities and Local Government |
| 9 (RLIN) | 4939 |
| 245 00 - TITLE STATEMENT | |
| Title | Planning Policy Statement 3 (PPS3) |
| Remainder of title | housing |
| 250 ## - EDITION STATEMENT | |
| Edition statement | 4th edition |
| 260 ## - PUBLICATION, DISTRIBUTION, ETC. | |
| Place of publication, distribution, etc. | London |
| Name of publisher, distributor, etc. | TSO |
| Date of publication, distribution, etc. | 2011 |
| 490 #0 - SERIES STATEMENT | |
| Series statement | Planning Policy Statement |
| Volume/sequential designation | Three |
| 505 1# - FORMATTED CONTENTS NOTE | |
| Formatted contents note | National planning policies: achieving high quality housing; achieving a mix of housing; market housing; affordable housing; making effective use of existing housing stock; assessing an appropriate level of housing; providing housing in suitable locations; delivering a flexible supply of land for housing -- Managing delivery: implementation strategy; determining planning applications; monitoring and review |
| 520 ## - SUMMARY, ETC. | |
| Summary, etc. | Outlines the national planning policy framework in England for delivering government's housing objectives. Aims to deliver housing via a more responsive approach to land supply at the local level and reflects government's commitment to improving the affordability and supply of housing in all communities, including rural areas. |
| 520 ## - SUMMARY, ETC. | |
| Summary, etc. | Supersedes "Planning policy guidance note three: housing" (PPG3) (ISBN 011753546X). |
| 590 ## - LOCAL NOTE (RLIN) | |
| Local note | KA NTK |
| 650 24 - SUBJECT ADDED ENTRY--TOPICAL TERM | |
| Topical term or geographic name entry element | PLANNING POLICY STATEMENT 3 |
| 650 24 - SUBJECT ADDED ENTRY--TOPICAL TERM | |
| Topical term or geographic name entry element | PLANNING POLICY GUIDANCE NOTE THREE |
| 651 #4 - SUBJECT ADDED ENTRY--GEOGRAPHIC NAME | |
| Geographic name | England |
| Chronological subdivision | 886- |
| 690 ## - LOCAL SUBJECT ADDED ENTRY--TOPICAL TERM (OCLC, RLIN) | |
| Topical term or geographic name as entry element | ENVIRONMENTAL AND LAND CONSULTANCY-PLANNING AND DEVELOPMENT-PLANNING GUIDANCE |
| 856 40 - ELECTRONIC LOCATION AND ACCESS | |
| Uniform Resource Identifier | <a href="https://www.communities.gov.uk/documents/planningandbuilding/pdf/1918430.pdf">https://www.communities.gov.uk/documents/planningandbuilding/pdf/1918430.pdf</a> |
| Public note | View the item free of charge at www.communities.gov.uk |
| 942 ## - ADDED ENTRY ELEMENTS (KOHA) | |
| Suppress in OPAC | 0 |
| Withdrawn status | Lost status | Source of classification or shelving scheme | Damaged status | Not for loan | Home library | Current library | Shelving location | Date acquired | Total Checkouts | Full call number | Barcode | Date last seen | Copy number | Price effective from | Koha item type |
|---|---|---|---|---|---|---|---|---|---|---|---|---|---|---|---|
| Dewey Decimal Classification | Virtual | Virtual | Online | 06/12/2006 | ONLINE PUBLICATION | 135744-2001 | 06/08/2019 | 1 | 06/08/2019 | Book |